[Event "HUN-ch Rapid"]
[Site "Ajka"]
[Date "2022.07.16"]
[Round "9"]
[White "Kozak, Adam"]
[Black "Tolnai, Tibor"]
[Result "1-0"]
[WhiteElo "2522"]
[BlackElo "2433"]
[PlyCount "63"]
[EventDate "2022.07.15"]
[EventType "swiss (rapid)"]
[EventRounds "13"]
[EventCountry "HUN"]
[SourceTitle "CBM 209 Extra"]
[Source "ChessBase"]
[SourceDate "2022.09.30"]
[SourceVersion "1"]
[SourceVersionDate "2022.09.30"]
[SourceQuality "1"]

1. Nf3 Nf6 2. c4 b6 3. g3 Bb7 4. Bg2 g6 5. 0-0 Bg7 6. d4 e6 7. Nc3 Ne4 8. Nxe4 Bxe4 9. Bg5 f6 10. Bf4 0-0 11. Qd2 Nc6 12. Rfd1 Ne7 13. Rac1 g5 14. Be3 Nf5 15. d5 e5 16. c5 h6 17. b4 a5 18. b5 Bxf3 19. Bxf3 Nxe3 20. Qxe3 f5 21. d6 Rb8 22. c6 dxc6 23. Rxc6 cxd6 24. Rdxd6 Qe7 25. Bd5+ Kh7 26. Rxb6 Rbd8 27. Rxd8 Rxd8 28. Qf3 Rf8 29. Qh5 Rf6 30. Rxf6 Qxf6 31. Qe8 Qf8 32. Qd7 1-0

[Event "HUN-ch Rapid"]
[Site "Ajka"]
[Date "2021.07.16"]
[Round "3"]
[White "Tolnai, Tibor"]
[Black "Terbe, Zsuzsanna"]
[Result "1/2-1/2"]
[WhiteElo "2440"]
[BlackElo "2185"]
[PlyCount "93"]
[EventDate "2021.07.16"]
[EventType "swiss (rapid)"]
[EventRounds "13"]
[EventCountry "HUN"]
[SourceTitle "CBM 203 Extra"]
[Source "ChessBase"]
[SourceDate "2021.09.30"]
[SourceVersion "1"]
[SourceVersionDate "2021.09.30"]
[SourceQuality "1"]

1. e4 c5 2. Nf3 Nc6 3. Nc3 e5 4. Bc4 h6 5. d3 g6 6. Nd2 Bg7 7. Nf1 Nge7 8. Ne3 0-0 9. 0-0 d6 10. a3 Be6 11. Ncd5 Qd7 12. c3 Bxd5 13. Nxd5 Nxd5 14. Bxd5 Ne7 15. Ba2 d5 16. Qe2 Rad8 17. Be3 b6 18. b4 cxb4 19. cxb4 Kh7 20. Rac1 dxe4 21. dxe4 Nc6 22. Bc4 Nd4 23. Qa2 Qe7 24. f3 h5 25. Bd5 Bh6 26. Bxh6 Kxh6 27. Qd2+ Kg7 28. f4 Rxd5 29. exd5 Nb3 30. d6 Qe6 31. f5 Qf6 32. Qd1 Nxc1 33. fxg6 Qxg6 34. Qxc1 Rd8 35. Qe3 e4 36. Qd4+ Kg8 37. d7 Qe6 38. Re1 Rxd7 39. Qxe4 Qxe4 40. Rxe4 Rd3 41. a4 Ra3 42. b5 Ra2 43. h3 Kg7 44. Kh2 Ra3 45. Rc4 Kg6 46. Rf4 f6 47. Kg1 1/2-1/2

[Event "HUN-chT2 Maroczy 1718"]
[Site "Hungary"]
[Date "2017.10.29"]
[Round "1.2"]
[White "Tolnai, Tibor"]
[Black "Meszaros, Andras"]
[Result "1-0"]
[WhiteElo "2446"]
[BlackElo "2258"]
[PlyCount "85"]
[EventDate "2017.10.29"]
[EventType "team-tourn"]
[EventRounds "9"]
[EventCountry "HUN"]
[SourceTitle "EXT 2021"]
[Source "ChessBase"]
[SourceDate "2020.10.23"]
[SourceVersion "1"]
[SourceVersionDate "2020.10.23"]
[SourceQuality "1"]
[WhiteTeam "Budapest HASE"]
[BlackTeam "Taban Spartacus"]
[WhiteTeamCountry "HUN"]
[BlackTeamCountry "HUN"]

1. e4 e5 2. Bc4 Nf6 3. d3 Nc6 4. Nf3 h6 5. Nc3 d6 6. a3 Be7 7. h3 a6 8. Be3 b5 9. Ba2 Bb7 10. Nd5 Nxd5 11. Bxd5 Qc8 12. 0-0 Nd8 13. d4 Bf6 14. dxe5 dxe5 15. Nh2 Bxd5 16. Qxd5 Qb7 17. Ng4 Qxd5 18. Nxf6+ gxf6 19. exd5 Nb7 20. a4 0-0-0 21. axb5 axb5 22. Ra8+ Kd7 23. Ra7 Rb8 24. Rfa1 Nd6 25. R1a6 Nc8 26. Ra8 Rxa8 27. Rxa8 f5 28. Rb8 c6 29. Rb7+ Kd6 30. dxc6 Kxc6 31. Rxf7 Nd6 32. Ra7 Kd5 33. f3 f4 34. Bd2 Rg8 35. Ra6 Nf5 36. Kf1 h5 37. Ra5 Kc6 38. c4 Nh4 39. Rxb5 Nxg2 40. Rxe5 Nh4 41. Rxh5 Nxf3 42. Bxf4 Rf8 43. Be3 1-0

[Event "HUN-chT 1617"]
[Site "Hungary"]
[Date "2016.10.30"]
[Round "1.5"]
[White "Kovacevic, Blazimir"]
[Black "Tolnai, Tibor"]
[Result "1-0"]
[WhiteElo "2478"]
[BlackElo "2464"]
[PlyCount "71"]
[EventDate "2016.10.30"]
[EventType "team-tourn"]
[EventRounds "9"]
[EventCountry "HUN"]
[SourceTitle "CBM 175 Extra"]
[Source "ChessBase"]
[SourceDate "2016.12.12"]
[SourceVersion "1"]
[SourceVersionDate "2016.12.12"]
[SourceQuality "1"]
[WhiteTeam "Dunaharaszti"]
[BlackTeam "HASE Lila Futo"]
[WhiteTeamCountry "HUN"]
[BlackTeamCountry "HUN"]

1. Nf3 c5 2. c4 Nf6 3. Nc3 e6 4. g3 b6 5. Bg2 Bb7 6. 0-0 Be7 7. d4 cxd4 8. Qxd4 0-0 9. Bf4 d6 10. Qd2 Qc8 11. Rac1 Rd8 12. Rfd1 h6 13. Qe1 Na6 14. Nb5 e5 15. Be3 Nc5 16. Qf1 Ng4 17. Bxc5 Qxc5 18. Nd2 Bxg2 19. Qxg2 f5 20. Qd5+ Kh8 21. Qxc5 dxc5 22. h3 Nf6 23. Nf3 a6 24. Nc3 Nd7 25. Nd5 e4 26. Nxe7 exf3 27. exf3 Ne5 28. Rxd8+ Rxd8 29. f4 Nf3+ 30. Kg2 Nd4 31. Re1 b5 32. cxb5 axb5 33. Re5 Ra8 34. a3 b4 35. Rxc5 bxa3 36. bxa3 1-0

[Event "Zalakaros op 33rd"]
[Site "Zalakaros"]
[Date "2014.05.24"]
[Round "2"]
[White "Tolnai, Tibor"]
[Black "Erdos, Viktor"]
[Result "1/2-1/2"]
[WhiteElo "2469"]
[BlackElo "2651"]
[PlyCount "46"]
[EventDate "2014.05.23"]
[EventType "swiss"]
[EventRounds "9"]
[EventCountry "HUN"]
[SourceTitle "CBM 160 Extra"]
[Source "ChessBase"]
[SourceDate "2014.07.01"]
[SourceVersion "1"]
[SourceVersionDate "2014.07.01"]
[SourceQuality "1"]

1. Nf3 Nf6 2. g3 c5 3. Bg2 Nc6 4. c4 g6 5. Nc3 Bg7 6. d4 cxd4 7. Nxd4 0-0 8. 0-0 Qa5 9. Nc2 d6 10. Bd2 Qh5 11. e4 Ng4 12. h4 f5 13. exf5 Bxf5 14. Ne3 Nxe3 15. Qxh5 gxh5 16. Bxe3 Bg4 17. c5 dxc5 18. Bxc5 Bxc3 19. bxc3 Bf3 20. Rfe1 Bxg2 21. Kxg2 Rae8 22. Re6 Rf6 23. Re4 Kf7 1/2-1/2

[Event "Zalakaros op 33rd"]
[Site "Zalakaros"]
[Date "2014.05.23"]
[Round "1"]
[White "Goczo, Melinda"]
[Black "Tolnai, Tibor"]
[Result "0-1"]
[WhiteElo "2229"]
[BlackElo "2469"]
[PlyCount "70"]
[EventDate "2014.05.23"]
[EventType "swiss"]
[EventRounds "9"]
[EventCountry "HUN"]
[SourceTitle "CBM 160 Extra"]
[Source "ChessBase"]
[SourceDate "2014.07.01"]
[SourceVersion "1"]
[SourceVersionDate "2014.07.01"]
[SourceQuality "1"]

1. d4 e6 2. c4 c5 3. d5 exd5 4. cxd5 a6 5. a4 d6 6. Nc3 g6 7. e4 Bg7 8. Bd3 Nh6 9. h3 0-0 10. Nf3 f5 11. Bg5 Qc7 12. Qd2 fxe4 13. Bxe4 Nf7 14. 0-0 Nd7 15. Rac1 Nde5 16. Nxe5 Nxg5 17. Qxg5 Bxe5 18. f4 Bd4+ 19. Kh1 Qg7 20. Qg3 Bd7 21. Bc2 b5 22. axb5 axb5 23. Rce1 c4 24. Ne4 Bf5 25. Bb1 Bxe4 26. Rxe4 Bxb2 27. Re6 Rf6 28. Rfe1 Raf8 29. Re7 R6f7 30. Rxf7 Qxf7 31. f5 Be5 32. Qg4 Kh8 33. Rxe5 dxe5 34. fxg6 Qf1+ 35. Kh2 Qf4+ 0-1

[Event "HUN-chT 1112"]
[Site "Hungary"]
[Date "2012.04.16"]
[Round "8"]
[White "Markos, Jan"]
[Black "Tolnai, Tibor"]
[Result "1-0"]
[WhiteElo "2596"]
[BlackElo "2476"]
[PlyCount "63"]
[EventDate "2011.09.25"]
[EventType "team-tourn"]
[EventRounds "11"]
[EventCountry "HUN"]
[SourceTitle "EXT 2013"]
[Source "ChessBase"]
[SourceDate "2012.11.22"]
[SourceVersion "1"]
[SourceVersionDate "2012.11.22"]
[SourceQuality "1"]
[WhiteTeam "HVSE Infraplan"]
[BlackTeam "Honved"]
[WhiteTeamCountry "HUN"]
[BlackTeamCountry "HUN"]

1. Nf3 d6 2. d4 Bg4 3. c4 Bxf3 4. exf3 c6 5. Nc3 g6 6. Be2 Bg7 7. 0-0 Nf6 8. Be3 0-0 9. Qb3 Qc7 10. Rac1 Nbd7 11. Rfd1 e6 12. d5 Rfe8 13. dxc6 bxc6 14. f4 Rab8 15. Qa3 Bf8 16. b3 d5 17. Qb2 Qa5 18. Qc2 Ba3 19. Rb1 Bc5 20. Bd2 Qc7 21. Na4 Bd6 22. g3 d4 23. c5 Bf8 24. Bc1 Nd5 25. Rxd4 e5 26. Rc4 exf4 27. Bxf4 Ne5 28. Bxe5 Qxe5 29. Bf3 Rbd8 30. Rd1 f5 31. Rcd4 Bg7 32. Qc4 1-0

[Event "HUN-chT2 Charousek 0809"]
[Site "Hungary"]
[Date "2008.11.30"]
[Round "3"]
[White "Tolnai, Tibor"]
[Black "Lizak, Peter"]
[Result "1-0"]
[WhiteElo "2469"]
[BlackElo "2260"]
[PlyCount "83"]
[EventDate "2008.10.26"]
[EventType "tourn"]
[EventRounds "11"]
[EventCountry "HUN"]
[SourceTitle "EXT 2010"]
[Source "ChessBase"]
[SourceDate "2010.11.25"]
[SourceVersion "1"]
[SourceVersionDate "2010.11.25"]
[SourceQuality "1"]
[WhiteTeam "Honved"]
[BlackTeam "Paks II"]
[WhiteTeamCountry "HUN"]
[BlackTeamCountry "HUN"]

1. e4 e6 2. d4 d5 3. Nd2 Nf6 4. e5 Nfd7 5. c3 c5 6. Bd3 Nc6 7. Ne2 cxd4 8. cxd4 f6 9. exf6 Nxf6 10. Nf3 Bd6 11. 0-0 0-0 12. Bg5 Qc7 13. Nc3 a6 14. Bh4 g6 15. Re1 Nh5 16. Rc1 Qg7 17. Bf1 Bd7 18. Na4 Bb4 19. Re3 Nxd4 20. Nxd4 Bxa4 21. b3 Bd7 22. Rc7 Rf7 23. Rxb7 Bc5 24. Nxe6 Bxe6 25. Rxe6 Rxb7 26. Qxd5 Qf7 27. Qxc5 Rc7 28. Qe3 Ng7 29. Rf6 Qe7 30. Qf3 Re8 31. g4 Kh8 32. Bc4 Qe1+ 33. Kg2 Qb4 34. Bg3 Rxc4 35. bxc4 Qxc4 36. Rf8+ Rxf8 37. Qxf8+ Qg8 38. Qf6 Qd5+ 39. Kh3 h5 40. Be5 hxg4+ 41. Kh4 Qd7 42. Qxg6 1-0

[Event "HUN-chT 0506"]
[Site "Hungary"]
[Date "2006.02.12"]
[Round "7"]
[White "Tolnai, Tibor"]
[Black "Seres, Lajos"]
[Result "1/2-1/2"]
[WhiteElo "2459"]
[BlackElo "2400"]
[PlyCount "59"]
[EventDate "2005.10.16"]
[EventType "team-tourn"]
[EventRounds "11"]
[EventCountry "HUN"]
[SourceTitle "EXT 2007"]
[Source "ChessBase"]
[SourceDate "2006.11.23"]
[SourceVersion "1"]
[SourceVersionDate "2006.11.23"]
[SourceQuality "1"]

1. e4 c5 2. Nf3 Nc6 3. d4 cxd4 4. Nxd4 g6 5. Nb3 Bg7 6. Be2 Nf6 7. Nc3 0-0 8. 0-0 d6 9. Re1 a6 10. Bf1 b5 11. Bg5 Nd7 12. Qc1 Re8 13. Nd5 Bb7 14. c3 Rc8 15. Qe3 Nce5 16. Qa7 Bxd5 17. exd5 Qb6 18. Qxb6 Nxb6 19. Rad1 Na4 20. Bc1 Nc4 21. Bxc4 Rxc4 22. a3 Kf8 23. g3 Rec8 24. Kg2 R4c7 25. Na5 Nb6 26. h4 h5 27. Bg5 Na4 28. Bc1 Nb6 29. Bg5 Na4 30. Bc1 1/2-1/2

[Event "HUN-chT 0506"]
[Site "Hungary"]
[Date "2005.12.04"]
[Round "5"]
[White "Tolnai, Tibor"]
[Black "Hoang, Thanh Trang"]
[Result "1-0"]
[WhiteElo "2459"]
[BlackElo "2471"]
[PlyCount "99"]
[EventDate "2005.10.16"]
[EventType "team-tourn"]
[EventRounds "11"]
[EventCountry "HUN"]
[SourceTitle "EXT 2007"]
[Source "ChessBase"]
[SourceDate "2006.11.23"]
[SourceVersion "1"]
[SourceVersionDate "2006.11.23"]
[SourceQuality "1"]

1. e4 e6 2. d4 d5 3. Nd2 Be7 4. Bd3 c5 5. dxc5 Nf6 6. Qe2 Nc6 7. Ngf3 a5 8. 0-0 0-0 9. c3 Nd7 10. exd5 exd5 11. Nb3 a4 12. Nbd4 Nxc5 13. h3 Bf6 14. Be3 Re8 15. Qc2 Ne4 16. Rad1 Qa5 17. Rfe1 Bd7 18. a3 h6 19. Qc1 Rac8 20. Nc2 Nc5 21. Bxc5 Qxc5 22. Qd2 Na5 23. Qf4 Rxe1+ 24. Rxe1 Nc4 25. Bxc4 Qxc4 26. Qd2 Qc5 27. Ne3 Be6 28. Rd1 Rd8 29. Nd4 Rd6 30. Qe2 Rb6 31. Rd2 Qc7 32. Ng4 Bg5 33. Ne3 Qf4 34. Qd1 Qe4 35. Re2 Qg6 36. Nxe6 Bxe3 37. Nc7 Bg5 38. Nxd5 Rd6 39. c4 b5 40. c5 Rd8 41. Rd2 Qe6 42. f4 Bh4 43. Kh2 Rc8 44. g3 Bd8 45. Rc2 Ba5 46. Re2 Rd8 47. Rxe6 fxe6 48. Qe2 exd5 49. Qxb5 Bc7 50. Qb7 1-0

[Event "HUN-chT2 Maroczy 0405"]
[Site "Hungary"]
[Date "2004.09.26"]
[Round "1"]
[White "Tolnai, Tibor"]
[Black "Konnyu, Janos"]
[Result "1-0"]
[WhiteElo "2441"]
[BlackElo "2273"]
[PlyCount "56"]
[EventDate "2004.09.26"]
[EventType "team-tourn"]
[EventRounds "11"]
[EventCountry "HUN"]
[SourceTitle "EXT 2008"]
[Source "ChessBase"]
[SourceDate "2007.11.25"]
[SourceVersion "1"]
[SourceVersionDate "2007.11.25"]
[SourceQuality "1"]
[WhiteTeam "Lang"]
[BlackTeam "Sarospatak"]
[WhiteTeamCountry "HUN"]
[BlackTeamCountry "HUN"]

1. e4 c5 2. Nf3 Nc6 3. Nc3 Nf6 4. Bb5 e6 5. 0-0 Be7 6. Re1 0-0 7. e5 Nd5 8. Bxc6 bxc6 9. Ne4 f6 10. c4 fxe5 11. Nxe5 Nf6 12. d4 Nxe4 13. Rxe4 cxd4 14. Rxd4 Bc5 15. Rf4 Rxf4 16. Bxf4 Qf6 17. Qd2 d6 18. Nd3 Bd4 19. Bxd6 e5 20. Bc5 e4 21. Qe2 Bf5 22. Bxd4 Qxd4 23. Nb4 Rf8 24. Qe1 Bg6 25. Nxc6 Qc5 26. Na5 Qd4 27. Rd1 Qxb2 28. Qd2 Qb6 1-0

[Event "Balatonlelle GM"]
[Site "Balatonlelle"]
[Date "2004.07.27"]
[Round "9"]
[White "Heinzel, Olaf"]
[Black "Tolnai, Tibor"]
[Result "1/2-1/2"]
[WhiteElo "2402"]
[BlackElo "2441"]
[PlyCount "30"]
[EventDate "2004.07.19"]
[EventType "tourn"]
[EventRounds "9"]
[EventCountry "HUN"]
[EventCategory "8"]
[SourceTitle "CBM 101 Extra"]
[Source "ChessBase"]
[SourceDate "2004.09.01"]
[SourceVersion "2"]
[SourceVersionDate "2004.09.01"]
[SourceQuality "1"]

1. d4 Nf6 2. Nf3 c5 3. c3 e6 4. Bf4 b6 5. e3 Bb7 6. Be2 Be7 7. h3 0-0 8. 0-0 Nc6 9. Nbd2 d5 10. Ne5 Nxe5 11. Bxe5 Bd6 12. Bd3 g6 13. Qf3 Ne8 14. Qg3 Be7 15. Bf4 Ng7 1/2-1/2

[Event "Balatonlelle GM"]
[Site "Balatonlelle"]
[Date "2004.07.22"]
[Round "4"]
[White "Tolnai, Tibor"]
[Black "Boros, Denes"]
[Result "1-0"]
[WhiteElo "2441"]
[BlackElo "2401"]
[PlyCount "75"]
[EventDate "2004.07.19"]
[EventType "tourn"]
[EventRounds "9"]
[EventCountry "HUN"]
[EventCategory "8"]
[SourceTitle "CBM 101 Extra"]
[Source "ChessBase"]
[SourceDate "2004.09.01"]
[SourceVersion "2"]
[SourceVersionDate "2004.09.01"]
[SourceQuality "1"]

1. e4 c5 2. Nf3 d6 3. d4 cxd4 4. Nxd4 Nf6 5. Nc3 g6 6. Bc4 Bg7 7. h3 0-0 8. Bb3 b6 9. 0-0 Bb7 10. Re1 Nc6 11. Nxc6 Bxc6 12. Nd5 e6 13. Nxf6+ Bxf6 14. c3 Qc7 15. Bh6 Rfe8 16. Qd2 Rad8 17. Rad1 Qb7 18. Qf4 Qe7 19. Qg4 Bg7 20. Bg5 Bf6 21. h4 Kg7 22. Qg3 Bxg5 23. hxg5 Rh8 24. e5 d5 25. Qf4 h6 26. Qf6+ Qxf6 27. gxf6+ Kh7 28. Rd4 h5 29. f3 b5 30. Kf2 a5 31. a3 Rb8 32. Rh1 Kg8 33. Ke3 Kf8 34. Rdh4 Rg8 35. Bc2 Ke8 36. g4 hxg4 37. Rxg4 Kd7 38. Rh7 1-0

[Event "Balatonlelle GM"]
[Site "Balatonlelle"]
[Date "2004.07.20"]
[Round "2"]
[White "Papp, Gabor"]
[Black "Tolnai, Tibor"]
[Result "1/2-1/2"]
[WhiteElo "2471"]
[BlackElo "2441"]
[PlyCount "56"]
[EventDate "2004.07.19"]
[EventType "tourn"]
[EventRounds "9"]
[EventCountry "HUN"]
[EventCategory "8"]
[SourceTitle "CBM 101 Extra"]
[Source "ChessBase"]
[SourceDate "2004.09.01"]
[SourceVersion "2"]
[SourceVersionDate "2004.09.01"]
[SourceQuality "1"]

1. e4 c5 2. Nf3 e6 3. d4 cxd4 4. Nxd4 a6 5. Nc3 b5 6. Bd3 Bb7 7. 0-0 Ne7 8. Qe2 Nbc6 9. Nb3 Ng6 10. f4 Be7 11. e5 0-0 12. Be3 d6 13. exd6 Qxd6 14. a4 Nb4 15. Bxg6 hxg6 16. axb5 axb5 17. Nxb5 Qb8 18. c4 Rxa1 19. Rxa1 Rc8 20. Rd1 Ba6 21. N3d4 e5 22. Bf2 exd4 23. Qxe7 Bxb5 24. cxb5 Qxb5 25. Bxd4 Nc6 26. Qc5 Qa4 27. b3 Qxb3 28. Rf1 Qb4 1/2-1/2

[Event "HUN-chT 0304"]
[Site "Hungary"]
[Date "2004.02.08"]
[Round "7"]
[White "Tolnai, Tibor"]
[Black "Horvath, Peter"]
[Result "1/2-1/2"]
[WhiteElo "2468"]
[BlackElo "2463"]
[PlyCount "33"]
[EventDate "2003.09.28"]
[EventType "team-tourn"]
[EventRounds "11"]
[EventCountry "HUN"]
[SourceTitle "EXT 2006"]
[Source "ChessBase"]
[SourceDate "2005.11.24"]
[SourceVersion "1"]
[SourceVersionDate "2005.11.24"]
[SourceQuality "1"]

1. e4 c5 2. Nf3 Nc6 3. d4 cxd4 4. Nxd4 Nf6 5. Nc3 e5 6. Ndb5 d6 7. Bg5 a6 8. Na3 b5 9. Nd5 Be7 10. Bxf6 Bxf6 11. g3 Ne7 12. Nxe7 Bxe7 13. Bg2 Be6 14. c3 0-0 15. Nc2 Bg5 16. 0-0 Qb6 17. Nb4 1/2-1/2

[Event "HUN-chT 0304"]
[Site "Hungary"]
[Date "2003.11.16"]
[Round "3"]
[White "Sinkovics, Peter"]
[Black "Tolnai, Tibor"]
[Result "1-0"]
[WhiteElo "2316"]
[BlackElo "2468"]
[PlyCount "138"]
[EventDate "2003.09.28"]
[EventType "team-tourn"]
[EventRounds "11"]
[EventCountry "HUN"]
[SourceTitle "EXT 2005"]
[Source "ChessBase"]
[SourceDate "2004.11.15"]
[SourceVersion "1"]
[SourceVersionDate "2004.11.15"]
[SourceQuality "1"]

1. d4 g6 2. e4 Bg7 3. Nc3 d6 4. f4 c6 5. Nf3 Bg4 6. Be3 d5 7. e5 Qb6 8. Rb1 e6 9. h3 Bxf3 10. Qxf3 Ne7 11. Bd3 Nd7 12. b4 a6 13. a4 Qc7 14. a5 b6 15. axb6 Nxb6 16. Qe2 a5 17. bxa5 Rxa5 18. 0-0 0-0 19. Ra1 Rfa8 20. Rxa5 Rxa5 21. g4 Ra3 22. Nb1 Ra1 23. Nd2 Rxf1+ 24. Qxf1 Nd7 25. Nb3 f6 26. Qa1 fxe5 27. fxe5 c5 28. Nxc5 Nxc5 29. dxc5 Bxe5 30. Qa8+ Kf7 31. Kg2 Bf4 32. Bf2 Qc8 33. Qa7 Bb8 34. Qb6 Qc7 35. Qxc7 Bxc7 36. Bb5 e5 37. Bd7 g5 38. h4 h6 39. h5 Ng8 40. c6 Nf6 41. Bc5 Ne4 42. Bb4 Nd6 43. Kf1 Kf6 44. Ke2 Kf7 45. Kd3 Kf6 46. Kc3 Kf7 47. Kb3 Kf6 48. Bc5 Kf7 49. Kb4 Ne4 50. Ba7 Ke7 51. Kb5 Kd6 52. Be3 d4 53. Bc1 Kd5 54. Ba3 Nc3+ 55. Ka6 e4 56. Kb7 e3 57. Kxc7 e2 58. Kd8 e1Q 59. c7 Nb5 60. c8Q Qa5+ 61. Ke8 Nxa3 62. Qc6+ Ke5 63. Qxh6 Kf4 64. Qd6+ Ke3 65. h6 Nxc2 66. Qg3+ Kd2 67. Qh2+ Kc3 68. h7 Qa8+ 69. Ke7 Qh8 1-0

[Event "Balatonlelle op"]
[Site "Balatonlelle"]
[Date "2003.06.29"]
[Round "9"]
[White "Tolnai, Tibor"]
[Black "Metaxasz, Vaszilisz"]
[Result "1-0"]
[WhiteElo "2493"]
[BlackElo "2157"]
[PlyCount "43"]
[EventDate "2003.06.21"]
[EventType "swiss"]
[EventRounds "9"]
[EventCountry "HUN"]
[SourceTitle "EXT 2004"]
[Source "ChessBase"]
[SourceDate "2003.11.25"]
[SourceVersion "1"]
[SourceVersionDate "2003.11.25"]
[SourceQuality "1"]

1. e4 c5 2. Nf3 Nc6 3. Nc3 e5 4. Bc4 Be7 5. d3 d6 6. Nd2 Nf6 7. Nf1 0-0 8. Ne3 Be6 9. 0-0 Qd7 10. a3 Nd4 11. Ncd5 Bxd5 12. Nxd5 Nxd5 13. Bxd5 Bf6 14. Be3 Rae8 15. b4 b6 16. g3 Qh3 17. bxc5 dxc5 18. a4 h5 19. a5 g6 20. axb6 axb6 21. Ra6 Bd8 22. Bh6 1-0

[Event "Balatonlelle op"]
[Site "Balatonlelle"]
[Date "2003.06.25"]
[Round "5"]
[White "Tolnai, Tibor"]
[Black "Dobos, Jozsef"]
[Result "0-1"]
[WhiteElo "2493"]
[BlackElo "2271"]
[PlyCount "79"]
[EventDate "2003.06.21"]
[EventType "swiss"]
[EventRounds "9"]
[EventCountry "HUN"]
[SourceTitle "EXT 2004"]
[Source "ChessBase"]
[SourceDate "2003.11.25"]
[SourceVersion "1"]
[SourceVersionDate "2003.11.25"]
[SourceQuality "1"]

1. Nf3 Nf6 2. c4 e6 3. g3 d5 4. Bg2 Be7 5. 0-0 0-0 6. d4 c5 7. cxd5 exd5 8. Nc3 Nc6 9. b3 Ne4 10. Bb2 Bf6 11. Na4 Re8 12. Rc1 b6 13. Re1 Ba6 14. dxc5 Bxb2 15. Nxb2 bxc5 16. Na4 c4 17. Nd4 Ne5 18. f3 Nf6 19. Qd2 Rc8 20. Red1 h6 21. h3 Ng6 22. e3 Ne5 23. Nb2 Qb6 24. b4 Bb5 25. Kh2 Ng6 26. a4 Bd7 27. e4 Qb8 28. exd5 Nxd5 29. Rxc4 Rxc4 30. Nxc4 Bxa4 31. Re1 Bd7 32. Nc2 Be6 33. N2e3 Nxe3 34. Nxe3 h5 35. f4 h4 36. Rf1 hxg3+ 37. Kxg3 Nxf4 38. Kf2 Nxh3+ 39. Bxh3 Bxh3 40. Rh1 0-1

[Event "Balatonlelle op"]
[Site "Balatonlelle"]
[Date "2003.06.24"]
[Round "4"]
[White "Jamrich, Gyorgy"]
[Black "Tolnai, Tibor"]
[Result "1/2-1/2"]
[WhiteElo "2271"]
[BlackElo "2493"]
[PlyCount "103"]
[EventDate "2003.06.21"]
[EventType "swiss"]
[EventRounds "9"]
[EventCountry "HUN"]
[SourceTitle "EXT 2004"]
[Source "ChessBase"]
[SourceDate "2003.11.25"]
[SourceVersion "1"]
[SourceVersionDate "2003.11.25"]
[SourceQuality "1"]

1. e4 g6 2. d4 Bg7 3. c3 d6 4. f4 Nf6 5. e5 Nd5 6. Bc4 c6 7. Nf3 0-0 8. 0-0 Nd7 9. a4 a5 10. Qe1 N7b6 11. Bb3 f6 12. Qh4 Be6 13. Nbd2 Qd7 14. Re1 Nc7 15. Bc2 Nbd5 16. Nf1 Bg4 17. Bd1 Bxf3 18. Bxf3 dxe5 19. fxe5 Ne6 20. exf6 exf6 21. Ne3 Nxe3 22. Bxe3 Rae8 23. Rad1 Nc7 24. c4 f5 25. b3 f4 26. Bf2 Rxe1+ 27. Rxe1 Bxd4 28. Re7 Bxf2+ 29. Kxf2 Qd4+ 30. Kf1 Rf7 31. Rxf7 Kxf7 32. Qxh7+ Qg7 33. Qxg7+ Kxg7 34. Bg4 Na6 35. Kf2 Kf6 36. h4 Nc5 37. Bd1 Nd3+ 38. Kf3 Ne1+ 39. Kxf4 Nxg2+ 40. Kg3 Ne3 41. Be2 Nf5+ 42. Kg4 c5 43. Bf3 b6 44. Be2 Nd4 45. Bd1 Ne6 46. Bc2 Nd8 47. Be4 Nf7 48. Bc2 g5 49. hxg5+ Nxg5 50. Kf4 Nh3+ 51. Kg3 Ng5 52. Kf4 1/2-1/2